Food standards and safety in a globalised world : (Record no. 67832)

MARC details
000 -LEADER
fixed length control field 00490nam a22001337a 4500
020 ## - INTERNATIONAL STANDARD BOOK NUMBER
International Standard Book Number 8177080377
Terms of availability Rs. 1480.00(hbk)
035 ## - SYSTEM CONTROL NUMBER
System control number B-92548, B-092550
037 ## - SOURCE OF ACQUISITION
Stock number DPL
Source of stock number/acquisition ENG
245 ## - TITLE STATEMENT
Title Food standards and safety in a globalised world :
Remainder of title The impact of WTO and codex /
Statement of responsibility, etc edited by Sri Ram khanna and Madhu Saxena
260 ## - PUBLICATION, DISTRIBUTION, ETC. (IMPRINT)
Place of publication, distribution, etc New Delhi
Name of publisher, distributor, etc New Century Publications
Date of publication, distribution, etc 2003
300 ## - PHYSICAL DESCRIPTION
Extent xii, 505p.
Dimensions 22 cms.
700 ## - ADDED ENTRY--PERSONAL NAME
Personal name Saxena, Madhu
9 (RLIN) 48901
942 ## - ADDED ENTRY ELEMENTS (KOHA)
Source of classification or shelving scheme Dewey Decimal Classification
Item type English Books
Classification part 363.8
Call number suffix FOO
Holdings
Withdrawn status Lost status Not for loan Collection code Home library Current library Date acquired Cost, normal purchase price Full call number Barcode Cost, replacement price Koha item type Source of acquisition
      Non-fiction Sarojini Nagar Sarojini Nagar 12/06/2012 1480.00 363.8 FOO B-92548 1480.00 English Books  
      Non-fiction Shahdara Branch Shahdara Branch 31/05/2018 1480.00 363.8 FOO B-092550 1480.00 English Books BPPD/PUB

© Delhi Public Library
Hit Counter
free hit counter